Religion Quiz

Random Religion or Bible Quiz

John 3:16 Quiz Stats

 Plays Quiz Updated May 24, 2019

Score 0/25 Timer 02:00
2 Plays Today
% Correct
the
97.3%
God
94.4%
He
92.6%
so
90.5%
His
89.2%
Son
88.9%
that
88.4%
that
88.2%
only
88.1%
loved
88%
For
87.9%
world
87.9%
gave
87.1%
% Correct
begotten
79.9%
in
76.1%
life
74.7%
have
72.7%
Him
71.3%
not
69.5%
but
69.1%
perish
65.9%
everlasting
65.5%
whoever
65.2%
believes
64.6%
should
42.7%

You're not logged in!

Compare scores with friends on all Sporcle quizzes.
OR
Log In

Show Comments

Extras

Top Quizzes Today


Score Distribution

Your Account Isn't Verified!

In order to create a playlist on Sporcle, you need to verify the email address you used during registration. Go to your Sporcle Settings to finish the process.

Report this User

Report this user for behavior that violates our Community Guidelines.

Details: